Corporate computer and network security / (Record no. 189133)

000 -LEADER
fixed length control field 01077 a2200253 4500
003 - CONTROL NUMBER IDENTIFIER
control field Nust
005 - DATE AND TIME OF LATEST TRANSACTION
control field 20221121084810.0
010 ## - LIBRARY OF CONGRESS CONTROL NUMBER
LC control number 2009019292
020 ## - INTERNATIONAL STANDARD BOOK NUMBER
International Standard Book Number 0131854755
020 ## - INTERNATIONAL STANDARD BOOK NUMBER
International Standard Book Number 9780131854758 (alk. paper)
035 ## - SYSTEM CONTROL NUMBER
System control number (OCoLC)ocn148902895
040 ## - CATALOGING SOURCE
Transcribing agency Nust
082 00 - DEWEY DECIMAL CLASSIFICATION NUMBER
Classification number 005.8,PAN
100 1# - MAIN ENTRY--PERSONAL NAME
Personal name Panko, R. R.
9 (RLIN) 100074
245 10 - TITLE STATEMENT
Title Corporate computer and network security /
Statement of responsibility, etc. Raymond R. Panko.
250 ## - EDITION STATEMENT
Edition statement 2nd ed.
260 ## - PUBLICATION, DISTRIBUTION, ETC.
Place of publication, distribution, etc. Boston :
Name of publisher, distributor, etc. Prentice Hall,
Date of publication, distribution, etc. c2010.
300 ## - PHYSICAL DESCRIPTION
Extent xxv, 502 p. :
Other physical details ill. ;
Dimensions 24 cm.
505 ## - FORMATTED CONTENTS NOTE
Formatted contents note Part-1: History of Modern Communications (Page-1), Part-2: Driving Technologies: Completing and Complementary (Page-35), Part-3: The Wireless Internet Market (Page-81), Part-4: Wireless Internet Applications Services and Access (Page-107), Part-5: Billing and Security Issues (Page-153), Part-6: Communication Past and Future (Page-173).
650 #0 - SUBJECT ADDED ENTRY--TOPICAL TERM
Topical term or geographic name entry element Computer networks
General subdivision Security measures.
9 (RLIN) 466
650 #0 - SUBJECT ADDED ENTRY--TOPICAL TERM
Topical term or geographic name entry element Computer security.
9 (RLIN) 570
650 #0 - SUBJECT ADDED ENTRY--TOPICAL TERM
Topical term or geographic name entry element Electronic data processing departments
General subdivision Security measures.
9 (RLIN) 95063
942 ## - ADDED ENTRY ELEMENTS (KOHA)
Source of classification or shelving scheme
Koha item type Book
Holdings
Withdrawn status Lost status Source of classification or shelving scheme Damaged status Not for loan Permanent Location Current Location Shelving location Date acquired Total Checkouts Full call number Barcode Date last seen Date last checked out Price effective from Koha item type Public note
          Military College of Signals (MCS) Military College of Signals (MCS) General Stacks 12/12/2016 10 005.8,PAN MCS34857 11/06/2025 10/03/2025 12/12/2016 Book Almirah No.9, Shelf No.2
          Military College of Signals (MCS) Military College of Signals (MCS) General Stacks 12/12/2016 5 005.8,PAN MCS34858 01/26/2026 10/03/2025 12/12/2016 Book Almirah No.9, Shelf No.2
© 2023 Central Library, National University of Sciences and Technology. All Rights Reserved.